Horrid Henry's underpants / (Record no. 1964)

MARC details
000 -LEADER
fixed length control field 01000pam a2200325 a 4500
003 - CONTROL NUMBER IDENTIFIER
control field FISKH
005 - DATE AND TIME OF LATEST TRANSACTION
control field 20250425083100.0
020 ## - INTERNATIONAL STANDARD BOOK NUMBER
International Standard Book Number 9781409113058 (pack.) :
020 ## - INTERNATIONAL STANDARD BOOK NUMBER
International Standard Book Number 9781842557242
020 ## - INTERNATIONAL STANDARD BOOK NUMBER
International Standard Book Number 1409113051 (pack.) :
020 ## - INTERNATIONAL STANDARD BOOK NUMBER
International Standard Book Number 9781842557242 (pbk.)
040 ## - CATALOGING SOURCE
Original cataloging agency StDuBDS
Language of cataloging eng
Transcribing agency StDuBDS
Modifying agency Uk
-- FISKH
050 ## - LIBRARY OF CONGRESS CALL NUMBER
Classification number PZ7
082 04 - DEWEY DECIMAL CLASSIFICATION NUMBER
Classification number 823.914
Edition number 22
100 1# - MAIN ENTRY--PERSONAL NAME
Personal name Simon, Francesca.
245 10 - TITLE STATEMENT
Title Horrid Henry's underpants /
Statement of responsibility, etc. by Francesca Simon ; illustrated by Tony Ross
250 ## - EDITION STATEMENT
Edition statement This edition published in 2009
260 ## - PUBLICATION, DISTRIBUTION, ETC.
Place of publication, distribution, etc. London :
Name of publisher, distributor, etc. Orion Children's Books,
Date of publication, distribution, etc. 2003
300 ## - PHYSICAL DESCRIPTION
Extent 76 pages :
Other physical details color illustrations ;
Dimensions 20 cm
500 ## - GENERAL NOTE
General note Early reader
505 ## - FORMATTED CONTENTS NOTE
Formatted contents note N
520 ## - SUMMARY, ETC.
Summary, etc. Horrid Henry receives a most unwelcome present . . .
521 ## - TARGET AUDIENCE NOTE
Target audience note 580 <br/>
Source Lexile
521 ## - TARGET AUDIENCE NOTE
Target audience note N<br/>
Source Raz-Plus
650 #0 - SUBJECT ADDED ENTRY--TOPICAL TERM
Topical term or geographic name entry element Horrid Henry (Fictitious character)
Form subdivision Juvenile fiction.
655 #0 - INDEX TERM--GENRE/FORM
Genre/form data or focus term Children's stories.
700 1# - ADDED ENTRY--PERSONAL NAME
Personal name Ross, Tony.
Relator term illustrator
942 ## - ADDED ENTRY ELEMENTS (KOHA)
Source of classification or shelving scheme Dewey Decimal Classification
Koha item type Books
Suppress in OPAC No
999 ## -
-- 1964
-- 1964
Holdings
Withdrawn status Lost status Source of classification or shelving scheme Damaged status Not for loan Collection Home library Current library Shelving location Date acquired Total Checkouts Full call number Barcode Date due Date last seen Date last checked out Price effective from Koha item type Copy number
    Dewey Decimal Classification     Juvenile Fiction Footprints International School Library Network Toul Kork Campus Footprints International School Library Network Toul Kork Campus TK Primary Library Room(4th Floor), Bookcase 3&4, Shelves 17-32, Yellow Books 10/23/2023 1 SIM 823.914 PZ7 FISTKG1A082 04/14/2026 03/31/2026 03/31/2026 10/23/2023 Books  
    Dewey Decimal Classification     Juvenile Fiction Footprints International School Library Network Toul Kork Campus Footprints International School Library Network Toul Kork Campus TTP Primary Yellow Bookshelves 02/11/2025   SIM 823.914 PZ7 2025-0504   02/11/2025   02/11/2025 Books 2
    Dewey Decimal Classification     Juvenile Fiction Footprints International School Library Network Toul Tom Poung Campus Footprints International School Library Network Toul Tom Poung Campus TTP Primary Yellow Bookshelves 04/25/2025 3 SIM 823.914 PZ7 2025-1117   10/31/2025 10/24/2025 04/25/2025 Books 3